| 000 | 01600nam0a2200361 4500 | ||
|---|---|---|---|
| 001 | RU\NLR\BIBL_A\022284187 | ||
| 005 | 20260420012729.0 | ||
| 010 |
_a978-5-235-05136-2 _91500 |
||
| 021 |
_aRU _bКН-П-24-033862 _9КН-П-24-3424 |
||
| 035 | _a(NLR Aleph) 022284187 | ||
| 090 |
_a13661395 _c13661395 |
||
| 100 | _a20240725d2024 u y0rusy50 ca | ||
| 101 | 0 | _arus | |
| 102 | _aRU | ||
| 105 | _aac z 000yb | ||
| 181 | 0 |
_ai3 _baxxe |
|
| 182 | 0 | _an | |
| 200 | 1 |
_aАман Тулеев _fНиколай Зенькович |
|
| 203 |
_aТекст _bвизуальный _cнепосредственный |
||
| 210 |
_aМосква _cМолодая гвардия _d2024 |
||
| 215 |
_a342, [2] с., [24] л. ил., портр. _cил. _d21 |
||
| 225 | 1 |
_aЖизнь замечательных людей _eЖЗЛ _eсерия биографий _fоснована в 1890 году Ф. Павленковым и продолжена в 1933 году М. Горьким _vвып. 2202 (2002) |
|
| 320 | _aРаботы А. Г. Тулеева: с. 342-343 | ||
| 333 | _a16+ | ||
| 600 | 1 |
_aТулеев _bА.Г. _f1944 - _gАман Гумирович _92103108 _3RU\NLR\AUTH\661271714 |
|
| 686 | 1 | _aТ3(2)74-8 | |
| 700 | 1 |
_7ca _8rus _aЗенькович _bН. А. _f1944- _gНиколай Александрович _9113692 _3RU\NLR\AUTH\773699 |
|
| 702 | 1 |
_4280 _7ca _8rus _aТулеев _bА. Г. _f1944-2023 _gАман Гумирович _9119808 _3RU\NLR\AUTH\7710022 |
|
| 942 | _cBOOK | ||
| 980 | _aNBR | ||
| 980 | _aNB | ||